00750nam a2200193 i 4500001000700000003000900007005001700016007000300033008004100036100002400077245005600101260005400157300001900211500003500230500010300265852004000368999001900408952012900427130106ES-MaACL20230906193637.0t|070719q17751792sp ||||1| spa d0 aSófocles.910702310aTragedia. El Philoctetes de Sophocles en dos actos. aBarcelona : bpor la Viuda de Piferrer, c[17--?] a16 p. ; c4º. aPrecede al tít.: "Núm. 29" aSegún Gutierrez del Caño, la producción de la Viuda de Piferrer se extiende entre 1775-1792. aES-MaACLjR-3021-36 xOlim:T-1409 c130106d130106 001040708LIBXVIIIaATENEOMbATENEOMcDEPOd2008-01-17eSCl0oR-3021-36p1135474r2023-02-23 00:00:00w2023-02-23yMONANT